Statistiques concernant Lexique du jeu vidéo

Cliquez ici pour prendre le quiz!

Statistiques générales

  • Ce quiz a été pris 80 fois
  • Le résultat moyen est 25 sur 50

Statistiques - réponses

DéfinitionTerme% Correct
Action de toucher un ennemi à la têteHeadshot
80%
Terme utilisé pour dire que la cible a été tuée
en 1 seul coup
One Shot
80%
Joueur débutantNoob
78%
Type de jeu mêlant survie et jeu de tir, où
le but est d'être le dernier en vie
Battle royale
77%
Version non finalisée d'un jeu, encore en cours
de développement
Bêta
77%
Pratique qui consiste à terminer un jeu le
plus rapidement possible (en
exploitant ses failles ou non)
Speedrun
77%
Type de jeu inspiré des JDR où le joueur incarne
un ou plusieurs personnages qu'il fait
évoluer au cours d'une quête
RPG
75%
Ennemi majeur, généralement affronté en
fin de niveau
Boss
74%
Défaut dans le code du jeu qui impacte
celui-ci
Bug
74%
Action de se soignerHeal
74%
Type de jeu caractérisé par un vaste espace
disponible pour l'action
Open world
74%
TricherCheat
71%
Personnage contrôlé par le jeuPNJ
70%
Acronyme qui régule l'accès aux jeux par l'âge
minimum requis
PEGI
67%
Apparence d'un personnageSkin
67%
Bande-annonce d'un jeu vidéoTrailer
65%
Action d'abandonner une partie en cours (en
général parce qu'on perd ou qu'on est déçu)
Ragequit
62%
Séquence animée du jeu où le joueur
n'a plus le contrôle
Cinématique
61%
Programme à installer en plus du jeu de base
qui rajoute des éléments de jeu
DLC
61%
Contenu caché dans un jeuEaster egg
61%
Logiciel permettant de reproduire le
fonctionnement d'une console
Emulateur
59%
Temps de réponse trop long d'un serveur,
qui aboutit visuellement à un ralentissement
des actions
Lag
59%
Mode de jeu qui nécessite que le joueur
soit connecté à Internet
Online
59%
Enchaînement de coups sans que l'adversaire
puisse répliquer
Combo
57%
Ensemble des éléments relatifs à l'univers
d'un jeu
Lore
57%
Passer au niveau supérieurLevel up
55%
Reproduction entière d'un jeu déjà sortiRemake
55%
Ils représentent la santé d'un personnageHP
54%
"Talent", utilisé pour jauger du niveau ou
d'une compétence d'un joueur en jeu
Skill
52%
Unité de mesure de la magieMana
49%
Partie terminéeGame over
46%
Personnage que l'on utilise principalement
dans un jeu parmi une sélection d'autres
Main
43%
Réédition d'un jeu existant en apportant
une amélioration
Remaster
43%
Endroit du jeu où la progression du joueur
est enregistrée automatiquement
Checkpoint
39%
Jeu regroupant des personnages de séries
différentes, de mondes différents
Crossover
38%
Moment der réapparition d'un personnageRespawn
38%
Portée des attaques à distanceRange
35%
Tous les élements portés par un
personnage durant la partie
Stuff
33%
Ennemi de base d'un jeu, souvent facile à tuerMob
29%
Endurance d'un personnageStamina
29%
Manette de jeu avec un mancheJoystick
28%
Nouvelle série créée à partir d'éléments d'un
univers déjà existant
Spin-off
28%
Incarnation dans le jeu de l'IA du jeuBot
26%
Schéma d'actions d'un personnage qui se répètePattern
22%
Succès,haut-faitAchievement
20%
Image d'illustration d'un jeu visant à
en révéler l'univers ou le style
Artwork
14%
Eteindre le jeu pour le relancerReset
13%
Action de tuer un ennemi après avoir
réalisé une série d'actions pendant la chute
Trickshot
13%
Augmentation artificielle des compétencesBoost
4%
Contenu visant à aider le joueur à avancer
en lui indiquant la marche à suivre
Soluce
1%

Distribution des résultats

Percentile par nombre de réponses

% des personnes avec chaque résultat

Votre développement - résultats

Vous n’avez pas pris ce quiz